00689nam a22001697a 450000500170000001000150001702000260003203500140005803700130007208200120008510000200009724501300011726000540024727000900030130001010039170000270049220221223154159.0 aENG-135931 a9789352870783c849.00 aEN-119463 bDBAD/PUB a338.954 aBabu, M. Suresh aHastening Slowly:bIndia's industrial growth in the era of economic reforms/cby M. Suresh Babu and foreword by K.L. Krishna aTelanganabOrient Blackswan private Limitedc2018 a3-6-752 Himayatnagar, HyderabadbTelanganae500029mcentraloffice@orientblackswan.com a xvii,237p.c22cm(hbk)bList of tables and figures, Abbreviations, Appendices, References, Index aKrishna, K.LeForeword